ბათუმის შოთა რუსთაველის სახელმწიფო უნივერსიტეტის ბიბლიოთეკა

აფხაზეთის ასსრ სოფელ ოქუმის ლენინის სახელობის კოლმეურნეობის ისტორია / (ბიბ.ჩანაწერი № 63396)

000 -ლიდერი
ფიქსირებული სიგრძის საკონტროლო ველი 01033nam a22001817a 4500
003 - საკონტროლო ნომრის იდენტიფიკატორი
საკონტროლო ველი Ge_BSU
005 - ბოლო ოპერაციის თარიღი და დრო
საკონტროლო ველი 20250929203838.0
008 - ფიქსირებული სიგრძის მონაცემთა ელემენტები - ზოგადი ინფორმაცია
ფიქსირებული სიგრძის საკონტროლო ველი 250929s1955 ge ||||| |||| 00| 0 geo d
041 ## - ენის კოდი
Language code of text/sound track or separate title geo
080 ## - უნივერსალური ათობითი კლასიფიკაციის ინდექსი
Universal Decimal Classification number 631.115.6(479.224)(09) ჟ-99
100 ## - მთავარი ჩანაწერი - პიროვნების სახელი
Personal name ჟღენტი, თ.
9 (RLIN) 25903
245 ## - ცნობა სათაურის შესახებ
Title აფხაზეთის ასსრ სოფელ ოქუმის ლენინის სახელობის კოლმეურნეობის ისტორია /
Statement of responsibility, etc საქ. სსრ მეცნ. აკად., დ. გულიას სახ. აფხაზეთის ენის, ლიტ-რისა და ისტ. ინ-ტი.
264 ## - წარმოების, გამოცემის, დისტრიბუციის და სხვა ცნობები
გამოცემის, წარმოების, დისტრიბუციის... ადგილი [სოხუმი] :
გამოცემის, წარმოების, დისტრიბუციის... სახელწოდება აფხაზეთის სახელგამი,
გამოცემის, წარმოების, დისტრიბუციის... თარიღი 1955.
300 ## - ფიზიკური აღწერა
Extent 199გვ. ;
Other physical details 21სმ.
504 ## - BIBLIOGRAPHY, ETC. NOTE
Bibliography, etc ბიბლიოგრ. შენიშვნებში.
653 ## - INDEX TERM--UNCONTROLLED
Uncontrolled term კოლმეურნეობების ისტორია აფხაზეთში
942 ## - ADDED ENTRY ELEMENTS (KOHA)
Source of classification or shelving scheme
Koha item type წიგნი
ეგზემპლარები
ჩამოწერის სტატუსი დაკარგული ეგზემპლარის სტატუსი კლასიფიკაციის წყარო ან თაროზე გაწყობის სქემა დაზიანების სტატუსი არ გაიცემა მუდმივი მდებარეობა (დაცვის ადგილი) ამჟამინდელი ადგილსამყოფელი თაროზე განთავსების ადგილი შეძენის თარიღი ღირებულება, შესყიდვის ნორმალური ფასი სრული შენახვის შიფრი შტრიხკოდი ბოლო ოპერაციის თარიღი ეგზემპლარის მიმდევრობითი ნომერი (კეტერი?) ფასის ძალაში შესვლის თარიღი ეგზემპლარის სახეობა საჯარო შენიშვნა
          ბათუმის შოთა რუსთაველის სახელმწიფო უნივერსიტეტის მთავარი ბიბლიოთეკა ბათუმის შოთა რუსთაველის სახელმწიფო უნივერსიტეტის მთავარი ბიბლიოთეკა წიგნსაცავი 2025-09-29 1.38 631.115.6(479.224)(09) ჟ-99 72500 2025-09-29 72500 2025-09-29 წიგნი 1 ლ. 38 თ.
          ბათუმის შოთა რუსთაველის სახელმწიფო უნივერსიტეტის მთავარი ბიბლიოთეკა ბათუმის შოთა რუსთაველის სახელმწიფო უნივერსიტეტის მთავარი ბიბლიოთეკა წიგნსაცავი 2025-09-29 1.38 631.115.6(479.224)(09) ჟ-99 72501 2025-09-29 72501 2025-09-29 წიგნი 1 ლ. 38 თ.